Visualizzazione normale
Vista MARC
- Cuter E., D'Alessio F., D'Antona G., Faloppa F., Ferracchiati L., Gheno V., Guerra J., Raimo C., Rielli D., Sciuto C., Srivastava N., Tonini L., Ventura R.A
di Personal Name
Records bibliografici associati: 1
001 - CONTROL NUMBER
- control field: 59758
003 - CONTROL NUMBER IDENTIFIER
- control field:
005 - DATE AND TIME OF LATEST TRANSACTION
- control field: 20230322143711.0
008 - FIXED-LENGTH DATA ELEMENTS
- fixed length control field: 230322|| aca||aabn | a|a d
040 ## - CATALOGING SOURCE
- Original cataloging agency:
- Transcribing agency:
100 ## - HEADING--PERSONAL NAME
- Personal name: Cuter E., D'Alessio F., D'Antona G., Faloppa F., Ferracchiati L., Gheno V., Guerra J., Raimo C., Rielli D., Sciuto C., Srivastava N., Tonini L., Ventura R.A
670 ## - SOURCE DATA FOUND
- Source citation: Work cat.: ()359645: Bordone Matteo (et al.) 59757, Non si può più dire niente?, 2022